| 000 | 00467nam a2200157 a 4500 | ||
|---|---|---|---|
| 005 | 20140310183319.0 | ||
| 008 | 060111s19uu xx 00 eng d | ||
| 020 | _a0-440-50358-2 | ||
| 050 |
_aPE 1630 _b.W924 1992 |
||
| 245 |
_aIn a word : _ba dictionary of words that don't exist, but ought to / _cJack Hitt, editor. |
||
| 260 |
_aNew York : _bDell Publishing, _c1992. |
||
| 300 |
_a215 p. : _c21 cm. |
||
| 650 | _aDictionary. | ||
| 942 |
_cBK _2lcc |
||
| 999 |
_c21343 _d21343 |
||